|
|
|
|
| LEADER |
01260nam a22002657a 4500 |
| 001 |
AAL1168 |
| 003 |
BD-DhAAL |
| 005 |
20160227184654.0 |
| 008 |
160227s 1998bg ||||| |||| 00| 0 ben d |
| 020 |
|
|
|a 984073457
|
| 040 |
|
|
|a BD-DhAAL
|c BD-DhAAL
|
| 082 |
|
|
|a 491.44321
|
| 245 |
|
|
|a বাংলা একাডেমী লেখক অভিধান /
|c সম্পাদিত আশফক-উল-আলম, সেলিনা হোসেন, নূরুল ইসলাম, মোবারক হোসেন
|
| 260 |
|
|
|a ঢাকা :
|b বাংলা একাডেমী,
|c ১৯৯৮
|
| 300 |
|
|
|a ২৩০ পৃ. :
|b চিত্র ;
|c ২২ সে.মি.
|
| 541 |
|
|
|e 1168
|
| 650 |
|
|
|a Bengali language
|x Orthography and spelling
|x Dictionaries
|9 18208
|
| 700 |
|
|
|a আশফক-উল-আলম,
|9 18209
|
| 700 |
|
|
|a হোসেন, সেলিনা
|9 18210
|
| 700 |
|
|
|a ইসলাম, নূরুল
|9 18211
|
| 700 |
|
|
|a হোসেন, মোবারক
|9 18212
|
| 852 |
|
|
|a Savar Campus Library
|c General Stacks
|
| 942 |
|
|
|2 ddc
|c BK
|
| 999 |
|
|
|c 36939
|d 36939
|
| 952 |
|
|
|0 0
|1 0
|2 ddc
|4 0
|6 491_443210000000000_BAN
|7 0
|9 58178
|a SCL
|b SCL
|c GEN
|d 2016-02-27
|g 150.00
|l 0
|o 491.44321 BAN
|p 3020001168
|r 2016-02-27
|t 1
|w 2016-02-27
|y BK
|